01081 2200349 4500001002100000005001500021035002000036007000300056008004100059020002200100082001500122084001700137100002900154245012000183250003500303300003100338650002100369504003300390264003200423336002100455337003000476338002300506040002200529090002100551090002200572850001200594041001300606999002200619546004600641990002200687990002200709INLIS00000000085897620210421092830 a0010-0421000881ta210421s2020 yoi g | ind d a978-623-02-2032-604223a297.77 a297.77 RUS n0 aRustam EpendiePengarang10aNilai-nilai pendidikan Islam :b(integrasi konsep aqidah, akhlak, ibadah dan sosial dalam Alquran) /cRustam Ependi aCetakan pertama: Desember 2020 aviii, 238 halaman ;c23 cm 4aPendidikan Islam aBibliografi: halaman 220-23731aSleman :bDeepublish,c2020 2rdacontentateks 2rdamediaatanpa perantara 2rdacarrieravolume aYOPDYOGbinderda aDEP 297.77 RUS n aCB-D.11 2020-2315 aYOPDYOG aindgara aCB-D.11/2020-2315 aTerdapat bahasa Indonesia dan bahasa Arab aCB-D.11/2020-2315 aCB-D.11/2020-2315